| 000 | 00470nam a22001817a 4500 | ||
|---|---|---|---|
| 999 |
_c160388 _d160388 |
||
| 005 | 20190128144614.0 | ||
| 010 | _aA-993674 | ||
| 020 |
_a8170118530 _c30.00 |
||
| 035 | _aA-993674 | ||
| 037 | _bChildern's Book Trust | ||
| 082 | _aS | ||
| 100 | _aRangachari, Devika | ||
| 245 |
_aCompany for Manisha / _cDevika Rangachari |
||
| 260 |
_aNew Delhi _bChildern's Bool Trust _c1999 |
||
| 300 |
_a133p. _c22cm (pbk) |
||
| 700 | _aVarma, B.G. | ||
| 942 |
_2ddc _cCH _hS _mRAN |
||